000 00785cam a2200217 a 4500
020 _a0471832359
040 _cDLC
082 0 0 _a574 WIL 1988 A063 Or.
100 1 _aLudwig, John A.
245 1 0 _aStatistical ecology :
_ba primer on methods and computing /
260 _aNew York :
_bWiley,
_cc1988.
300 _axviii, 337 p. :
_bill. ;
_c24 cm. +
_e1 computer disk (5 1/4 in.)
500 _a"A Wiley-Interscience publication."
500 _aIncludes index.
500 _aSystem requirements for computer disk: IBM PC or compatable; MS-DOS or PC-DOS 2.0 or higher.
650 0 _aEcology
700 1 _aReynolds, James F.,
856 4 2 _uhttp://www.loc.gov/catdir/description/wiley031/87026348.html
856 4 _uhttp://www.loc.gov/catdir/toc/onix01/87026348.html
942 _cEK
999 _c15098
_d15098